| 000 | | | 05447cbm0a2200313#x 450 |
| 001 | | | c559d85d-376b-46bd-9aeb-b29dc7b48205 |
| 005 | | | 20240226110640.0 |
| 100 | ## | $a | 20240220j19430112k###0rusy50 ca |
| 101 | 0# | $a | rus |
| 102 | ## | $a | RU |
| 122 | 0# | $a | d19430112## |
| 200 | 1# | $a | Боевое донесение № 013 штаба 47-й армии Черноморской группы войск Закавказского фронта командующему Черноморской группой войск И. Е. Петрову о переходе в наступление в направлении Ахтырская - Абинская |
| | $j | 12 января 1943 г. |
| 251 | ## | $c | Документ |
| 300 | ## | $a | Подлинник |
| 461 | #0 | $1 | 2001 |
| | $a | Ф. 402 |
| | $1 | 251 |
| | $c | Фонд |
| | $1 | 852 |
| | $j | 402 |
| 462 | #0 | $1 | 2001 |
| | $a | Оп. 9575 |
| | $1 | 251 |
| | $c | Опись |
| | $1 | 852 |
| | $j | 9575 |
| 462 | #0 | $1 | 2001 |
| | $a | Д. 214 |
| | $v | Л. 12-12об. |
| | $1 | 251 |
| | $c | Дело |
| | $1 | 852 |
| | $j | 214 |
| 600 | #1 | $2 | nlr_sh |
| | $3 | RU\NLR\AUTH\66887777 |
| | $a | Петров |
| | $g | Иван Ефимович |
| | $b | И.Е. |
| | $f | 1896 - 1958 |
| | $j | Документы и материалы |
| 601 | 02 | $2 | nlr_sh |
| | $3 | RU\NLR\AUTH\661591687 |
| | $a | Закавказский фронт |
| | $c | 1942 - 1945 |
| | $j | Документы и материалы |
| 605 | ## | $2 | prlib_sh |
| | $3 | LIBNET\UAF\0000088514 |
| | $a | Вторая мировая война в архивных документах (Комплекс оцифрованных архивных документов, кино- и фотоматериалов) |
| | $l | коллекция |
| 606 | 1# | $2 | nlr_sh |
| | $3 | RU\NLR\AUTH\661278910 |
| | $a | Великая Отечественная война |
| | $z | 1941 - 1945 |
| | $y | Кавказ Северный |
| | $j | Документы и материалы |
| 606 | 1# | $2 | nlr_sh |
| | $3 | RU\NLR\AUTH\6601693359 |
| | $a | Великая Отечественная война |
| | $z | 1941 - 1945 |
| | $y | Абинский район (Краснодарский край) |
| | $j | Документы и материалы |
| 606 | 1# | $2 | nlr_sh1 |
| | $3 | RU\NLR\AUTH\66178895 |
| | $a | Великая Отечественная война |
| | $z | 1941 - 1945 |
| | $x | Военные операции |
| | $y | Кубань |
| | $z | 1943 |
| | $j | Документы и материалы |
| 686 | ## | $a | 63.3(2)622,12ю11 |
| | $v | LBC/M |
| | $2 | rubbk |
| 801 | #0 | $a | RU |
| | $b | ПБ им. Б.Н. Ельцина |
| | $c | 20240220 |
| 801 | #1 | $a | RU |
| | $b | ПБ им. Б.Н. Ельцина |
| | $c | 20240220 |
| | $2 | rusmarc |
| 801 | #2 | $a | RU |
| | $b | ПБ им. Б.Н. Ельцина |
| | $c | 20240226 |
| | $2 | rusmarc |
| 850 | ## | $a | Центральный архив Министерства обороны Российской Федерации |
| 852 | ## | $a | ЦА МО РФ |
| | $j | Л. 12-12об. |
| 035 | ## | $a | LIBNET\0001382279 |
| 937 | ## | $d | 191101783 |
| | $h | Федеральное архивное агентство |
| 856 | 4# | $u | http://readingroom.main.prlib.ru/item.aspx?id_node=n191101783&mode=full |